书目信息 |
| 题名: |
采采荣木
|
|
| 作者: | 向辉 著 | |
| 分册: | ||
| 出版信息: | 上海 上海古籍出版社 2020.7 |
|
| 页数: | 326页 | |
| 开本: | 21cm | |
| 丛书名: | 文史哲研究丛刊 | |
| 单 册: | ||
| 中图分类: | G256.1 , G256.22 | |
| 科图分类: | ||
| 主题词: | 古文献学--中国 , 古籍--版本学--中国 | |
| 电子资源: | ||
| ISBN: | 978-7-5325-9680-5 | |
| 000 | 01705nam2 2200337 45 | |
| 001 | 012001003995 | |
| 005 | 20140926092725.0 | |
| 010 | @a978-7-5325-9680-5@dCNY48.00 | |
| 100 | @a20200928d2020 em y0chiy0110 ea | |
| 101 | 0 | @achi |
| 102 | @aCN@b310000 | |
| 105 | @aa z 000yy | |
| 106 | @ar | |
| 200 | 1 | @a采采荣木@Acai cai rong mu@e中国古典书目与现代版本之学@f向辉著 |
| 210 | @a上海@c上海古籍出版社@d2020.7 | |
| 215 | @a326页@c图@d21cm | |
| 225 | 2 | @a文史哲研究丛刊 |
| 300 | @a国家图书馆文津出版基金资助项目 | |
| 300 | @a其他题名:中国古典书目与现代版本之学 | |
| 314 | @a向辉,1980年生,湖北恩施人。北京大学社会学博士。现任中国国家图书馆国家古籍保护中心副研究馆员,从事古籍保护与研究相关工作。编有《古籍保护工作概论》、《诗经导读》、《近思录版本丛刊》、《阳明文献汇刊》等书,在《社会理论学报》、《国家图书馆馆刊》、《版本目录学研究》、《国学季刊》等刊物发表论文二十余篇。 | |
| 330 | @a本书分为四部分:一古典书目价值论,以古典书录著录考察古代学术思潮之变迁, 以书目信息揭示所谓“性理学”之发展脉络;二版本个案分析, 分别考察宋刻本《论语集说》,明内府刻本《历代名臣奏议》《大明集礼》,明刻本《居夷集》以及阳明年谱诸书作者、刊刻情形、递藏情况,并考察其书文本问题,并据此对各书版本著录提出了新见解;三版本考订细节论,考察鱼尾与为字不成之起源、样式和价值;四书籍历史互动论。书籍阅读者、鉴藏者考察,探究古典文化如何承续,如何欣赏,如果研读,如何成为一门技艺的细节。 | |
| 410 | 0 | @12001 @a文史哲研究丛刊 |
| 461 | 0 | @12001 @a文史哲研究丛刊 |
| 517 | 1 | @a中国古典书目与现代版本之学 |
| 606 | 0 | @a古文献学@y中国 |
| 606 | 0 | @a古籍@x版本学@y中国 |
| 690 | @aG256.1@v5 | |
| 690 | @aG256.22@v5 | |
| 701 | 0 | @a向辉@Axiang hui@f(1980-)@4著 |
| 801 | @aCN@bAHXH@c20210922 | |
| 905 | @b1328874-8@dG256.1@e102@f5 | |
| 采采荣木:中国古典书目与现代版本之学/向辉著.-上海:上海古籍出版社,2020.7 |
| 326页:图;21cm.-(文史哲研究丛刊) |
| 国家图书馆文津出版基金资助项目.-其他题名:中国古典书目与现代版本之学 |
| ISBN 978-7-5325-9680-5:CNY48.00 |
| 本书分为四部分:一古典书目价值论,以古典书录著录考察古代学术思潮之变迁, 以书目信息揭示所谓“性理学”之发展脉络;二版本个案分析, 分别考察宋刻本《论语集说》,明内府刻本《历代名臣奏议》《大明集礼》,明刻本《居夷集》以及阳明年谱诸书作者、刊刻情形、递藏情况,并考察其书文本问题,并据此对各书版本著录提出了新见解;三版本考订细节论,考察鱼尾与为字不成之起源、样式和价值;四书籍历史互动论。书籍阅读者、鉴藏者考察,探究古典文化如何承续,如何欣赏,如果研读,如何成为一门技艺的细节。 |
| ● |
| 相关链接 |
|
|
|
|
正题名:采采荣木
索取号:G256.1/102
 
预约/预借
| 序号 | 登录号 | 条形码 | 馆藏地/架位号 | 状态 | 备注 |
| 1 | 1328874 | 213288743 | 第一样本阅览室/ [索取号:G256.1/102] | 在馆 | |
| 2 | 1328875 | 213288752 | 教育系资料室/ [索取号:G256.1/102] | 在馆 | |
| 3 | 1328876 | 213288761 | 教育系资料室/ [索取号:G256.1/102] | 在馆 | |
| 4 | 1328877 | 213288770 | 第四借阅区/ [索取号:G256.1/102] | 在馆 | |
| 5 | 1328878 | 213288789 | 第四借阅区/ [索取号:G256.1/102] | 在馆 |